| 000 -ლიდერი |
| ფიქსირებული სიგრძის საკონტროლო ველი |
01567nam a2200265Ia 4500 |
| 001 - საკონტროლო ნომერი |
| საკონტროლო ველი |
23113 |
| 003 - საკონტროლო ნომრის იდენტიფიკატორი |
| საკონტროლო ველი |
GE_BSU |
| 005 - ბოლო ოპერაციის თარიღი და დრო |
| საკონტროლო ველი |
20230710170824.0 |
| 008 - ფიქსირებული სიგრძის მონაცემთა ელემენტები - ზოგადი ინფორმაცია |
| ფიქსირებული სიგრძის საკონტროლო ველი |
181216s2004||||ge |||||||||||||| ||geo|| |
| 020 ## - წიგნის საერთაშორისო სტანდარტული ნომერი |
| International Standard Book Number |
9992871520 |
| 040 ## - კატალოგიზაციის წყარო |
| Transcribing agency |
GE_BSU |
| 041 ## - ენის კოდი |
| Language code of text/sound track or separate title |
geo |
| 080 ## - უნივერსალური ათობითი კლასიფიკაციის ინდექსი |
| Universal Decimal Classification number |
821.111(73)-4 ლ-85 |
| 100 ## - მთავარი ჩანაწერი - პიროვნების სახელი |
| Personal name |
ლორენსი, დ. ჰ. |
| 9 (RLIN) |
19225 |
| 245 ## - ცნობა სათაურის შესახებ |
| Title |
ესეები კლასიკური ამერიკული ლიტერატურის შესახებ = Studies in classic Amerikan literature / |
| Statement of responsibility, etc |
დ. ჰ. ლორენსი ; ინგლ. თარგმნა თამარ კოტრიკაძემ ; რედ. : ჰამლეტ ზუკაკიშვილი, შოთა იათაშვილი ; მხატვ. გიორგი წერეთელი. |
| 264 ## - წარმოების, გამოცემის, დისტრიბუციის და სხვა ცნობები |
| გამოცემის, წარმოების, დისტრიბუციის... ადგილი |
თბილისი : |
| გამოცემის, წარმოების, დისტრიბუციის... სახელწოდება |
კავკ. სახლი, |
| გამოცემის, წარმოების, დისტრიბუციის... თარიღი |
2004. |
| 300 ## - ფიზიკური აღწერა |
| Extent |
207გვ. ; |
| Dimensions |
20 სმ. |
| 653 ## - INDEX TERM--UNCONTROLLED |
| Uncontrolled term |
ესეები კლასიკური ამერიკული ლიტერატურის შესახებ = Studies in classic Amerikan literature |
| 700 ## - ADDED ENTRY--PERSONAL NAME |
| Personal name |
კოტრიკაძე, თამარ |
| Relator term |
მთარგმნელი |
| 9 (RLIN) |
18851 |
| 700 ## - ADDED ENTRY--PERSONAL NAME |
| Personal name |
ზუკაკიშვილი, ჰამლეტ |
| Relator term |
რედაქტორი |
| 9 (RLIN) |
19226 |
| 700 ## - ADDED ENTRY--PERSONAL NAME |
| Personal name |
იათაშვილი, შოთა |
| Relator term |
რედაქტორი |
| 9 (RLIN) |
2461 |
| 700 ## - ADDED ENTRY--PERSONAL NAME |
| Personal name |
წერეთელი, გიორგი |
| Relator term |
მხატვარი |
| 9 (RLIN) |
19227 |
| 942 ## - ADDED ENTRY ELEMENTS (KOHA) |
| Koha item type |
წიგნი |
| Source of classification or shelving scheme |
|